000
003030000a22001330004500
003
MACL
040
_a
MACL
090
_c
37741
_d
37739
100
_a
William
245
_a
An outline of the necessary Laws of Thought
260
_b
Longman's Green And Co
_c
1892
650
_a
Logic
942
_c
BOOK
_k
160/ARC
999
_c
37338
_d
37338